Niektoré skúsenosti z pôsobenia zahraničných investorov

Skúmanie priamych zahraničných investícií v SR na vybratom štatistickom súbore na OF EÚ za r. 1994. Skúmaním sa zistilo, že podniky so zahraničnou majetkovou účasťou vykazujú vysokú dynamiku rastu nových pracovných príležitostí. Smerovanie investícií hlavne do nových technológií. Komparatívne výhody...

Description complète

Enregistré dans:
Détails bibliographiques
Auteur principal: Ferenčíková, Soňa, 1960-
Format: Chapitre de livre
Langue:slovaque
Sujets:
Tags: Ajouter un tag
Pas de tags, Soyez le premier à ajouter un tag!

MARC

LEADER 00000naa a2200000 4500
001 r021925
005 20230825100151.0
041 0 |a slo 
044 |a SK 
245 1 0 |a Niektoré skúsenosti z pôsobenia zahraničných investorov  |c Soňa Ferenčíková 
520 |a Skúmanie priamych zahraničných investícií v SR na vybratom štatistickom súbore na OF EÚ za r. 1994. Skúmaním sa zistilo, že podniky so zahraničnou majetkovou účasťou vykazujú vysokú dynamiku rastu nových pracovných príležitostí. Smerovanie investícií hlavne do nových technológií. Komparatívne výhody Slovenska. Absencia zahraničných investícií z niektorých štátov EÚ na Slovensku. 
610 2 0 |a investície zo zahraničia 
610 2 0 |a Slovensko 
610 2 0 |a Ekonomická univerzita v Bratislave 
610 2 0 |a ankety 
610 2 0 |a štúdie 
610 2 0 |a joint ventures 
610 2 0 |a vývoz 
610 2 0 |a podnik spoločný 
610 2 0 |a zamestnanosť 
610 2 0 |a investovanie 
610 2 0 |a výhody komparatívne 
610 2 0 |a krajiny vyspelé 
100 1 |a Ferenčíková, Soňa, 1960-